Meilleur démarrage Spotify d'un album rap - Statistiques

Statistiques générales
  • Ce quiz a été pris 77 fois
  • Le résultat moyen est 4 sur 12
Statistiques - réponses
Rang Titres Streams % Correct
3 UTOPIA - Travis Scott 457M
65%
11 ASTROWORLD - Travis Scott 257M
61%
2 Certified Lover Boy - Drake 497M
61%
1 Scorpion - Drake 559M
54%
10 DAMN. - Kendrick Lamar 264M
51%
6 Donda - Kanye West 365M
37%
5 Her Loss - Drake & 21 Savage 382M
25%
4 For All The Dogs - Drake 406M
21%
12 Vultures - Kanye West & Ty Dolla $ign 251M
19%
9 More Life - Drake 290M
18%
8 Legends Never Die - Juice WRLD 303M
9%
7 Mr. Morales & The Big Steppers - Kendrick Lamar 327M
7%
Aucun quiz correspondant
Distribution des résultats
% des personnes avec chaque résultat
Percentile par nombre de réponses
Votre historique - résultats
Vous n’avez pas pris ce quiz